Vista normal Vista MARC

Entrada Personal Name

Número de registros utilizados en: 1

001 - CONTROL NUMBER

  • control field: 69085

003 - CONTROL NUMBER IDENTIFIER

  • control field: OSt

005 - DATE AND TIME OF LATEST TRANSACTION

  • control field: 20260220005019.0

008 - FIXED-LENGTH DATA ELEMENTS

  • fixed length control field: 260220|| aca||aabn | a|a d

040 ## - CATALOGING SOURCE

  • Original cataloging agency: OSt
  • Transcribing agency: OSt

100 ## - HEADING--PERSONAL NAME

  • Personal name: Torrente Malvido, Javier

670 ## - SOURCE DATA FOUND

  • Source citation: Work cat.: (OSt)964: Verne, Julio 1828-1905, La vuelta al mundo en 80 días









Instituto Departamental de Cultura del Meta - Red Departamental de Bibliotecas Públicas del Meta.